AL Scrabble Words 8 and Under - Statistics

General Stats
  • This quiz has been taken 242 times
  • The average score is 53 of 329
Answer Stats
Answer % Correct
Al
100%
All
98%
Ala
89%
Alb
86%
Ale
86%
Alt
86%
Ally
84%
Alp
83%
Alter
77%
Alas
71%
Alway
71%
Also
70%
Allee
69%
Allow
69%
Alga
66%
Always
66%
Allay
65%
Alley
65%
Alto
64%
Alum
63%
Alar
61%
Alone
59%
Alee
58%
Alpha
58%
Allot
57%
Alpine
57%
Alba
56%
Alert
56%
Alan
55%
Alarm
53%
Alder
52%
Align
52%
Alcohol
51%
Alfa
51%
Altar
51%
Alma
49%
Alright
49%
Alumin
49%
Alack
48%
Album
48%
Alive
47%
Alloy
45%
Alight
44%
Alien
43%
Alit
43%
Almost
43%
Aloe
42%
Aluminum
42%
Alkali
41%
Almond
41%
Along
41%
Alcove
40%
Alike
40%
Alms
40%
Albino
37%
Allure
37%
Aloud
37%
Alfalfa
36%
Algebra
36%
Alkalin
36%
Alumni
35%
Alibi
34%
Already
34%
Alchemy
33%
Alec
33%
Alkaline
32%
Allege
32%
Aleph
31%
Aline
31%
Alpaca
31%
Allude
30%
Aloof
30%
Alliance
29%
Alme
29%
Aloft
28%
Albeit
27%
Albumen
27%
Albumin
27%
Alias
27%
Alif
27%
Allergy
27%
Alef
26%
Algor
26%
Almighty
26%
Altho
26%
Altitude
26%
Alumnus
26%
Alane
25%
Although
25%
Alimony
24%
Alphabet
24%
Altruist
24%
Allergic
22%
Alist
21%
Allegory
20%
Altruism
20%
Alamo
19%
Alumna
19%
Alow
18%
Allele
17%
Alacrity
16%
Alderman
16%
Alienate
16%
Alkie
16%
Alky
16%
Allocate
16%
Allod
16%
Allspice
16%
Aloha
16%
Alumina
16%
Aland
15%
Allusion
15%
Almanac
15%
Alate
14%
Allegro
14%
Allergen
13%
Allergin
13%
Alang
12%
Alant
12%
Alumine
12%
Albacore
11%
Algal
11%
Algin
11%
Alaska
10%
Alfredo
10%
Aligner
10%
Alluvia
10%
Alveoli
10%
Alluvial
9%
Aliment
8%
Alkane
8%
Alkyl
8%
Alleyway
8%
Allium
8%
Allusive
8%
Aloin
8%
Alopecia
8%
Alary
7%
Alfresco
7%
Alkalic
7%
Alkaloid
7%
Allotter
7%
Alarum
6%
Albinism
6%
Alehouse
6%
Alewife
6%
Aliner
6%
Alkene
6%
Alkine
6%
Alleger
6%
Allover
6%
Alterer
6%
Alveolar
6%
Alexin
5%
Alvar
5%
Alveolus
5%
Alvine
5%
Alameda
4%
Alamode
4%
Alarmist
4%
Aldehyde
4%
Alkalise
4%
Alkalize
4%
Allelic
4%
Allosaur
4%
Allottee
4%
Allyl
4%
Alanin
3%
Albite
3%
Alcazar
3%
Alcid
3%
Aldrin
3%
Alexia
3%
Algid
3%
Alienee
3%
Aliener
3%
Alkyd
3%
Alkyne
3%
Allayer
3%
Alleluia
3%
Allurer
3%
Alluvium
3%
Alphorn
3%
Alterant
3%
Alated
2%
Alation
2%
Albedo
2%
Albinic
2%
Alchemic
2%
Alcool
2%
Alcopop
2%
Aldol
2%
Alembic
2%
Algum
2%
Alienage
2%
Alienist
2%
Alienor
2%
Alliak
2%
Allicin
2%
Allsorts
2%
Allyship
2%
Almah
2%
Almoner
2%
Alpinist
2%
Althea
2%
Alyssum
2%
Alanine
1%
Alarmism
1%
Alastor
1%
Albicore
1%
Alcaic
1%
Alcalde
1%
Aleatory
1%
Alegar
1%
Alevin
1%
Alexine
1%
Alfaki
1%
Alginate
1%
Algology
1%
Algorism
1%
Alienism
1%
Aliquot
1%
Aliya
1%
Alkahest
1%
Alkalify
1%
Alkylic
1%
Allonge
1%
Allopath
1%
Allotype
1%
Allylic
1%
Almagest
1%
Almanack
1%
Almeh
1%
Almsman
1%
Almud
1%
Almug
1%
Aloofly
1%
Alterity
1%
Althorn
1%
Altoist
1%
Aluminic
1%
Alumroot
1%
Alachlor
0%
Alanyl
0%
Albata
0%
Albinal
0%
Albitic
0%
Albizia
0%
Albizzia
0%
Albumose
0%
Alburnum
0%
Alcade
0%
Alcahest
0%
Alcaide
0%
Alcayde
0%
Alchymy
0%
Alcidine
0%
Alderfly
0%
Aldicarb
0%
Aldolase
0%
Aldose
0%
Alencon
0%
Aleuron
0%
Aleurone
0%
Alexic
0%
Alfaqui
0%
Alfaquin
0%
Alforja
0%
Algaroba
0%
Algerine
0%
Algicide
0%
Algidity
0%
Algoid
0%
Alguacil
0%
Alguazil
0%
Aliasing
0%
Alible
0%
Alidad
0%
Alidade
0%
Alienly
0%
Aliform
0%
Aliped
0%
Aliquant
0%
Aliunde
0%
Aliyah
0%
Aliyot
0%
Aliyoth
0%
Alizarin
0%
Alkanet
0%
Alkoxide
0%
Alkoxy
0%
Alkylate
0%
Allanite
0%
Allelism
0%
Allheal
0%
Alliable
0%
Allobar
0%
Allodia
0%
Allodial
0%
Allodium
0%
Allogamy
0%
Allonym
0%
Allotypy
0%
Alloxan
0%
Allseed
0%
Alluvion
0%
Almemar
0%
Almner
0%
Almonry
0%
Almuce
0%
Almude
0%
Alnico
0%
Alodia
0%
Alodial
0%
Alodium
0%
Aloetic
0%
Alogical
0%
Alopecic
0%
Alphosis
0%
Alphyl
0%
Alpinely
0%
Alpinism
0%
Alsike
0%
Althaea
0%
Aludel
0%
Alula
0%
Alular
0%
Alunite
0%
No matching quizzes found
Score Distribution
Percent of People with Each Score
Percentile by Number Answered
Your Score History
You have not taken this quiz